|
|
|
|
| LEADER |
00000nam0a2200000 4500 |
| 001 |
377614 |
| 005 |
20231102012930.0 |
| 035 |
|
|
|a (RuTPU)RU\TPU\retro\35065
|
| 090 |
|
|
|a 377614
|
| 100 |
|
|
|a 20230320d1978 m y0rusy50 ca
|
| 101 |
0 |
|
|a rus
|
| 102 |
|
|
|a RU
|
| 105 |
|
|
|a a j 001zy
|
| 200 |
1 |
|
|a Комплекс дистанционных методов при геологическом картировании таежных районов (на примере Приенисейской Сибири)
|e методическое пособие
|f Аэрогеология, Лаборатория аэрометодов
|
| 210 |
|
|
|a Ленинград
|c Недра
|d 1978
|
| 215 |
|
|
|a 247 с.
|c ил.
|
| 320 |
|
|
|a Библиогр.: с. 144-148
|
| 606 |
1 |
|
|a Геодезия
|2 stltpush
|3 (RuTPU)RU\TPU\subj\6015
|9 33982
|
| 610 |
1 |
|
|a аэрогеофизическая съемка
|
| 610 |
1 |
|
|a дешифрование
|
| 610 |
1 |
|
|a районирование
|
| 610 |
1 |
|
|a аэроснимки
|
| 610 |
1 |
|
|a геофизические данные
|
| 675 |
|
|
|a 528(075.8)
|v 3
|
| 712 |
0 |
2 |
|a Аэрогеология
|b Лаборатория аэрометодов
|c (Москва)
|c (1972- )
|2 stltpush
|3 (RuTPU)RU\TPU\col\13908
|
| 801 |
|
1 |
|a RU
|b 63413507
|c 20230320
|
| 801 |
|
2 |
|a RU
|b 63413507
|c 20230320
|g RCR
|
| 942 |
|
|
|c BK
|